Ancient ruins of the Southwest : an archaeological guide /

Bibliographic Details
Main Author: Noble, David Grant
Format: Book
Language:English
Published: Flagstaff, Ariz. : Northland Press, [1981]
Subjects:

MARC

Tag First Indicator Second Indicator Subfields
LEADER 00000cam a2200000 a 4500
001 in00000079142
005 20151008060737.0
008 810723s1981 azuab b 00010 eng
010 |a  80083016  
020 |a 0873582748 (pbk.) :  |c $8.95 
035 |a (OCoLC)07396625 
035 |9 AAJ6473AM 
039 0 |a 2  |b 3  |c 3  |d 3  |e 3 
040 |a DLC  |c DLC  |d TXA  |d UtOrBLW 
043 |a n-ust-- 
049 |a TXAM  |c [1672956] 
050 0 0 |a E78.S7  |b N63 
082 0 |a 979/.01  |2 19 
100 1 |a Noble, David Grant. 
245 1 0 |a Ancient ruins of the Southwest :  |b an archaeological guide /  |c by David Grant Noble. 
264 1 |a Flagstaff, Ariz. :  |b Northland Press,  |c [1981] 
264 3 |c [1982 printing] 
264 4 |c ©1981 
300 |a x, 156 pages :  |b illustrations, maps ;  |c 23 cm. 
336 |a text  |b txt  |2 rdacontent 
337 |a unmediated  |b n  |2 rdamedia 
338 |a volume  |b nc  |2 rdacarrier 
504 |a Includes bibliographical references. 
650 0 |a Indians of North America  |z Southwest, New  |x Antiquities. 
651 0 |a Southwest, New  |x Antiquities. 
999 |a MARS 
999 f f |s 48d5c99f-8959-3866-bad4-eb6b96a61177  |i f1e0b173-d3de-37e6-a048-d89a0c4edcd2  |t 0 
952 f f |p noncirc  |a Texas A&M University  |b College Station  |c Cushing Memorial Library & Archives  |d Cushing: Stonestreet (Does not check out)  |t 0  |e E78.S7 N63  |h Library of Congress classification  |i unmediated -- volume  |m A14821591877 
952 f f |p noncirc  |a Texas A&M University  |b College Station  |c Cushing Memorial Library & Archives  |d Cushing: Stonestreet (Does not check out)  |t 0  |e E78.S7 N63  |h Library of Congress classification  |i unmediated -- volume  |m A14821591924 
952 f f |p ric  |a Texas A&M University  |b Rellis Campus  |c Joint Library Facility  |d Remote Storage  |t 0  |e E78.S7 N63 1982  |h Library of Congress classification  |i unmediated -- volume  |m A14806104265 
998 f f |a E78.S7 N63  |t 0  |l Cushing: Stonestreet (Does not check out) 
998 f f |a E78.S7 N63 1982  |t 0  |l Remote Storage 
998 f f |a E78.S7 N63  |t 0  |l Cushing: Stonestreet (Does not check out)